00665nam a2200181Ia 4500008004100000020001800041041000800059082001700067100001400084245010500098260002100203300000800224365001600232700001400248906005200262999001900314952015000333230718s9999 xx 000 0 und d a9789350233122 aeng a006.7'6bVER aVerens K. aCMS Design Using PHP And JQuerybBuild And Improve Your In-House PHP CMS By Enhancing It With JQuery c2011bPackt Pub. a322 cRs.b350.00 aVerens K. dO:0167425-Mar-2011B:745018-Mar-2011cCOMPb87.5 c327589d327589 00104070aCCEPbCCEPd2011-03-25eTbsfCOMPg262.50i7450l0o006.7'6pCCEP-BK-38796r2023-07-18 00:00:00t87.5v350.00w2011-03-18yBKz038796